MARC details
| 000 -LEADER |
| fixed length control field |
02602cam a2200445 i 4500 |
| 001 - CONTROL NUMBER |
| control field |
18598939 |
| 003 - CONTROL NUMBER IDENTIFIER |
| control field |
ARRUPE |
| 005 - DATE AND TIME OF LATEST TRANSACTION |
| control field |
20190522102419.0 |
| 008 - FIXED-LENGTH DATA ELEMENTS--GENERAL INFORMATION |
| fixed length control field |
150430s2015 inua bk 001 0 eng c |
| 010 ## - LIBRARY OF CONGRESS CONTROL NUMBER |
| LC control number |
2015017453 |
| 020 ## - INTERNATIONAL STANDARD BOOK NUMBER |
| International Standard Book Number |
9780253017680 |
| Qualifying information |
(cloth ; |
| -- |
alk. paper) |
| 020 ## - INTERNATIONAL STANDARD BOOK NUMBER |
| International Standard Book Number |
9780253018038 |
| Qualifying information |
(pbk. ; |
| -- |
alk. paper) |
| 020 ## - INTERNATIONAL STANDARD BOOK NUMBER |
| Cancelled/invalid ISBN |
9780253018090 |
| Qualifying information |
(ebook) |
| 040 ## - CATALOGING SOURCE |
| Original cataloging agency |
IEN/DLC |
| Language of cataloging |
eng |
| Transcribing agency |
IEN |
| Description conventions |
rda |
| Modifying agency |
DLC |
| 042 ## - AUTHENTICATION CODE |
| Authentication code |
pcc |
| 043 ## - GEOGRAPHIC AREA CODE |
| Geographic area code |
f-rh--- |
| 050 ## - LIBRARY OF CONGRESS CALL NUMBER |
| Classification number |
ML3917.Z55 |
| Item number |
C55 2015 |
| 082 00 - DEWEY DECIMAL CLASSIFICATION NUMBER |
| Classification number |
780.96891 |
| Edition number |
23 |
| 300 ## - PHYSICAL DESCRIPTION |
| Other physical details |
illustrations ; |
| Dimensions |
23 cm. |
| 100 1# - MAIN ENTRY--PERSONAL NAME |
| Personal name |
Chikowero, Mhoze, |
| Dates associated with a name |
1972- |
| Relator term |
author. |
| 9 (RLIN) |
46482 |
| 245 10 - TITLE STATEMENT |
| Title |
African music, power, and being in colonial Zimbabwe / |
| Statement of responsibility, etc |
Mhoze Chikowero. |
| 260 ## - PUBLICATION, DISTRIBUTION, ETC. (IMPRINT) |
| Place of publication, distribution, etc |
Bloomington |
| Name of publisher, distributor, etc |
Indiana University Press |
| Date of publication, distribution, etc |
2015 |
| 300 ## - PHYSICAL DESCRIPTION |
| Extent |
xiii, 346 p. : |
| 490 1# - SERIES STATEMENT |
| Series statement |
African expressive cultures |
| 490 1# - SERIES STATEMENT |
| Series statement |
Ethnomusicology multimedia |
| 504 ## - BIBLIOGRAPHY, ETC. NOTE |
| Bibliography, etc |
Includes bibliographical references (pages 311-326), discography (pages 311-326) and index. |
| 505 00 - FORMATTED CONTENTS NOTE |
| Title |
Introduction: cross-cultural encounters: song, power, and being -- |
| -- |
Missionary witchcrafting African being: cultural disarmament -- |
| -- |
Purging the "heathen" song, mis/grafting the missionary hymn -- |
| -- |
"Too many don'ts": reinforcing, disrupting the criminalization of African musical cultures -- |
| -- |
Architectures of control: African urban re/creation -- |
| -- |
The "tribal dance" as a colonial alibi: ethnomusicology and the tribalization of African being -- |
| -- |
Chimanjemanje: performing and contesting colonial modernity -- |
| -- |
The many moods of "Skokiaan": criminalized leisure, underclass defiance, and self-narration -- |
| -- |
Usable pasts: crafting Madzimbabwe through memory, tradition, song -- |
| -- |
Cultures of resistance: genealogies of Chimurenga song -- |
| -- |
Jane Lungile Ngwenya: a transgenerational conversation -- |
| -- |
Epilogue: postcolonial legacies: song, power, and knowledge production. |
| 650 #0 - SUBJECT ADDED ENTRY--TOPICAL TERM |
| Topical term or geographic name as entry element |
Popular music |
| General subdivision |
Social aspects |
| Geographic subdivision |
Zimbabwe |
| General subdivision |
History |
| Chronological subdivision |
20th century. |
| 9 (RLIN) |
46483 |
| 650 #0 - SUBJECT ADDED ENTRY--TOPICAL TERM |
| Topical term or geographic name as entry element |
Popular music |
| General subdivision |
Political aspects |
| Geographic subdivision |
Zimbabwe |
| General subdivision |
History |
| Chronological subdivision |
20th century. |
| 9 (RLIN) |
46484 |
| 650 #0 - SUBJECT ADDED ENTRY--TOPICAL TERM |
| Topical term or geographic name as entry element |
Missions |
| Geographic subdivision |
Zimbabwe. |
| 9 (RLIN) |
13345 |
| 651 #0 - SUBJECT ADDED ENTRY--GEOGRAPHIC NAME |
| Geographic name |
Zimbabwe |
| General subdivision |
Social conditions |
| Chronological subdivision |
20th century. |
| 9 (RLIN) |
40845 |
| 651 #0 - SUBJECT ADDED ENTRY--GEOGRAPHIC NAME |
| Geographic name |
Zimbabwe |
| General subdivision |
Colonial influence. |
| 9 (RLIN) |
371 |
| 830 #0 - SERIES ADDED ENTRY--UNIFORM TITLE |
| Uniform title |
African expressive cultures. |
| 9 (RLIN) |
3315 |
| 830 #0 - SERIES ADDED ENTRY--UNIFORM TITLE |
| Uniform title |
Ethnomusicology multimedia. |
| 9 (RLIN) |
46485 |
| 906 ## - LOCAL DATA ELEMENT F, LDF (RLIN) |
| a |
7 |
| b |
cbc |
| c |
orignew |
| d |
1 |
| e |
ecip |
| f |
20 |
| g |
y-gencatlg |
| 942 ## - ADDED ENTRY ELEMENTS (KOHA) |
| Source of classification or shelving scheme |
Library of Congress Classification |
| Koha item type |
Monograph ( Printed materials) |